000
00318nam a2200133Ia 4500
008
240624s9999 xx 000 0 und d
041
_a
eng
082
_a
823 JON
100
_a
GODDEN RUMER
245
_a
TWO UNDER THE INDIAN SUN
260
_c
2016
_a
New Delhi
_b
Speaking Tiger
300
_a
256 : p.
365
_c
RS
_b
30
999
_c
27867
_d
27867